000 00743nam a2200229 a 4500
001 000006026
005 20240502094959.0
008 770511s1978 sp b 000 0 spa
020 _a8433410377
040 _aDO-SdBNP
_bspa
_cBNPHU
082 _a972.91064
_bC355h, 1978.
100 1 _aCastro, Fidel
_d 1926-2016
_916971
245 1 3 _aLa historia me absolverá /
_cFidel Castro ; prólogo, Ariel Dorfman.
250 _a2a ed.
260 _aMadrid :
_bJúcar,
_c1978.
300 _a127 p. ;
_c18 cm.
490 1 _aBiblioteca Júcar política ;
_vno. 38
651 0 _aCuba
_xHistoria
_y1959-
_916982
700 1 _aDorfman, Ariel,
_epról.
_916983
830 0 _aBiblioteca Júcar política ;
_vno. 38
_916984
910 _aCatalogación original / LC
999 _c5822
_d5822